000 00640cam a2200181 4500500
005 20260405004032.0
041 _afre
042 _adc
100 1 0 _aLarmagnac-Matheron, Octave
_eauthor
245 0 0 _aLa comédie du pouvoir : entretien avec Jacques Julliard
260 _c2019.
500 _a52
690 _aBlaise Pascal
690 _aJacques Julliard
690 _aJean-Jacques Rousseau
786 0 _nPhilosophie magazine - Hors séries | Hors-série - Été 2019 | HS42 | 2019-07-01 | p. 25-36 | 2104-9246
856 4 1 _uhttps://shs.cairn.info/magazine-philosophie-magazine-2019-hs42-page-25?lang=fr&redirect-ssocas=7080
999 _c2073100
_d2073100